Loading...
| Literature - American | 1 | 4 | 0 | 1 | 55 | 74 | 127.80 | 0 | 1 | 0.00 | 0.00 |
| Literature - World | 0 | 5 | 0 | 1 | 50 | 103 | 127.00 | 0 | 2 | 0.00 | 0.00 |
| Fine Arts - Visual | 0 | 4 | 0 | 3 | 40 | 109 | 134.25 | 0 | 0 | 0.00 | 0.00 |
| Fine Arts - Classical Music and Opera | 1 | 3 | 2 | 2 | 35 | 60 | 126.00 | 1 | 1 | 0.00 | 0.00 |
| Fine Arts - Other | 2 | 1 | 2 | 0 | 30 | 41 | 58.33 | 1 | 3 | 0.00 | 0.00 |
| Literature - British | 0 | 3 | 0 | 0 | 30 | 123 | 142.67 | 0 | 1 | 0.00 | 0.00 |
| Literature - European | 0 | 4 | 2 | 0 | 30 | 101 | 143.75 | 0 | 0 | 0.00 | 0.00 |
| Other Academic | 1 | 1 | 0 | 0 | 25 | 80 | 80.50 | 0 | 1 | 0.00 | 0.00 |
| History - US | 0 | 2 | 0 | 1 | 20 | 122 | 125.50 | 0 | 0 | 0.00 | 0.00 |
| Geography | 0 | 1 | 0 | 0 | 10 | 135 | 135.00 | 0 | 0 | 0.00 | 0.00 |
| Philosophy | 0 | 0 | 0 | 0 | 0 | 0.00 | 0 | 0 | 0.00 | 0.00 | |
| History - World | 0 | 0 | 1 | 0 | -5 | 0.00 | 0 | 0 | 0.00 | 0.00 | |
| History - Other | 0 | 0 | 1 | 0 | -5 | 0.00 | 0 | 0 | 0.00 | 0.00 | |
| Beliefs | 0 | 0 | 1 | 0 | -5 | 0.00 | 0 | 0 | 0.00 | 0.00 |